Argentinos de la NBA - Estadísticas

Estadísticas generales
  • Esta prueba ha sido intentada 59 veces
  • La puntuación promedio es 6 de 16
Estadísticas de respuestas
Jugador % Correcto
Manu Ginóbili
90%
Luis Scola
80%
Facundo Campazzo
76%
Fabricio Oberto
56%
Andrés Nocioni
52%
Gabriel Deck
52%
Carlos Delfino
44%
Nicolás Laprovíttola
32%
Pablo Prigioni
30%
Walter Herrmann
28%
Leandro Bolmaro
26%
Pepe Sánchez
24%
Luca Vildoza
22%
Patricio Garino
12%
Rubén Wolkowyski
12%
Nicolás Brussino
10%
No se encontraron pruebas coincidentes
Distribución de puntuación
Porcentaje de gente con cada puntuación
Porcentaje por número respondido
Historial de tus puntuaciones
No has intentado esta prueba.